000 00641cab a2200217 4500
001 WB3132-23
008 090401t1995 xxu||||| |||| 00| 0 eng d
035 _a(Sirsi) u57227
041 _aeng
245 _aEco-Management and Audit Scheme
260 _c1995
350 _a0
490 _aDoE News Release
_v(416) 18 August 1995 (5)
520 _aFive UK firms have registered their sites for the EC`s new environmental management scheme.
650 _aECO-MANAGEMENT AND AUDIT SCHEME
650 _aEMAS
650 _aENVIRONMENTAL MANAGEMENT
690 _aENVIRONMENTAL AND LAND CONSULTANCY
942 _n0
948 _c04/03/1997
999 _c34870
_d34870